| 000 | 00783cam a22002533a 4500 | ||
|---|---|---|---|
| 001 | 31810 | ||
| 003 | PGUSA | ||
| 005 | 20140828083704.0 | ||
| 008 | 100328s2010||||xxu|||||s|||||000 | eng d | ||
| 040 |
_aPGUSA _beng |
||
| 042 | _adc | ||
| 050 | 4 | _aHD | |
| 100 | 1 | _aSmith, Walker C. | |
| 245 | 1 | 4 |
_aThe Everett Massacre : _bA history of the class struggle in the lumber industry _h[electronic resource] / _cWalker C. Smith |
| 260 |
_bProject Gutenberg, _c2010 |
||
| 506 | _aPublic domain in the USA. | ||
| 516 | _aElectronic text | ||
| 653 | _aLumbering -- Washington (State) | ||
| 653 | _aIndustrial Workers of the World | ||
| 653 | _aLumbermen -- Washington (State) | ||
| 830 | 0 |
_aProject Gutenberg _v31810 |
|
| 856 | 4 | 0 | _uhttp://www.gutenberg.org/ebooks/31810 |
| 942 | _cEB | ||
| 999 |
_c261065 _d261065 |
||